000
00335nam a2200133Ia 4500
008
240624s9999 xx 000 0 und d
041
_a
eng
082
_a
005.1 PAN
100
_a
PANNEERSELVAM R
245
_a
DESIGN AND ANALYSIS OF ALGORITHMS
260
_c
2007
_a
New Delhi
_b
PHI
300
_a
xiv, : 426 : p. : cm. ; 23
365
_c
RS
999
_c
28779
_d
28779